Duos comiques - Mort subite - Statistiques

Statistiques générales
  • Ce quiz a été pris 1 133 fois
  • Le résultat moyen est 6 sur 15
Answers on the Grid
Answers color-coded by a green-red scale on the quiz's grid according to % correct below.
Laurel/Hardy
Les Chevaliers du fiel
Palmashow
Les Vamps
Les Bodin's
Chevallier/Laspalès
Shirley/Dino
Éric/Ramzy
Omar/Fred
Kad/Olivier
Catherine/Liliane
Les frères Taloche
Roger Pierre/Jean-Marc Thibault
Les Décaféinés
Pierre Dac/ Francis Blanche
La Bande à Fifi
Les Inconnus
Les Robins des bois
Les Chevaliers du ciel
Les Nuls
Le Splendid
Les Deschiens
Roméo/Juliette
Les Nous c nous
Pierre/Marie Curie
Batman/Robin
Dutronc/Hardy
Starsky/Hutch
Fréro/Delavega
Bonnie/Clyde
 
Statistiques - réponses
Réponse % Correct
Éric/Ramzy
65%
Omar/Fred
62%
Kad/Olivier
53%
Palmashow
51%
Laurel/Hardy
50%
Les Bodin's
50%
Les Chevaliers du fiel
48%
Chevallier/Laspalès
46%
Catherine/Liliane
43%
Shirley/Dino
43%
Les frères Taloche
31%
Les Vamps
31%
Pierre Dac/ Francis Blanche
27%
Roger Pierre/Jean-Marc Thibault
27%
Les Décaféinés
22%
Aucun quiz correspondant
Distribution des résultats
% des personnes avec chaque résultat
Percentile par nombre de réponses
Votre historique - résultats
Vous n’avez pas pris ce quiz